| 000 | 00628cam a2200145 4500500 | ||
|---|---|---|---|
| 005 | 20260208002340.0 | ||
| 041 | _afre | ||
| 042 | _adc | ||
| 100 | 1 | 0 |
_aOhayon, Isabelle _eauthor |
| 245 | 0 | 0 | _aSébastien Peyrouse Des Chrétiens entre athéisme et islam: regards sur la question religieuse en Asie centrale soviétique et post-soviétique. Paris, Maisonneuve & Larose-Ifeac, 2003, 406 p., bibl. chronol., index |
| 260 | _c2005. | ||
| 500 | _a77 | ||
| 786 | 0 | _nL'Homme | 174 | 2 | 2005-06-01 | p. 277k-329k | 0439-4216 | |
| 856 | 4 | 1 | _uhttps://shs.cairn.info/revue-l-homme-2005-2-page-277k?lang=fr&redirect-ssocas=7080 |
| 999 |
_c1645957 _d1645957 |
||